000 00706nam a2200241Ia 4500
001 8816
003 GE_BSU
008 181216s||||||||xx |||||||||||||| ||und||
040 _cGE_BSU
080 _a821.353.1–1
100 _aკალანდაძე, ანა
245 _aრჩეული
245 _bლექსები
245 _cრედ.ვ.ჯავახაძე;მხატვ.ზ. ფორჩხიძე
260 _aთბილისი
260 _bსაბჭოთა საქართველო
260 _c1976
300 _a463გვ.20სმ.
300 _eილ.
653 _aლექსები
653 _aრჩეული
942 _cBK
999 _c42124
_d42124